The coloured lands, (Record no. 118628)
[ view plain ]
| 000 -LEADER | |
|---|---|
| fixed length control field | 01821cam a22002891 4500 |
| 001 - CONTROL NUMBER | |
| control field | 10183746 |
| 003 - CONTROL NUMBER IDENTIFIER | |
| control field | ARRUPE |
| 005 - DATE AND TIME OF LATEST TRANSACTION | |
| control field | 20131121172952.0 |
| 008 - FIXED-LENGTH DATA ELEMENTS--GENERAL INFORMATION | |
| fixed length control field | 720808s1938 xx 000 0 eng |
| 010 ## - LIBRARY OF CONGRESS CONTROL NUMBER | |
| LC control number | 39001982 |
| 035 ## - SYSTEM CONTROL NUMBER | |
| System control number | (OCoLC)374787 |
| 040 ## - CATALOGING SOURCE | |
| Original cataloging agency | DLC |
| Transcribing agency | OAU |
| Modifying agency | CB |
| -- | DLC |
| 042 ## - AUTHENTICATION CODE | |
| Authentication code | premarc |
| 050 00 - LIBRARY OF CONGRESS CALL NUMBER | |
| Classification number | PR4453.C4 |
| Item number | C55 |
| 082 ## - DEWEY DECIMAL CLASSIFICATION NUMBER | |
| Classification number | 828.91 |
| 300 ## - PHYSICAL DESCRIPTION | |
| Other physical details | incl. illus., plates (part col.) |
| Dimensions | 25 cm. |
| 100 1# - MAIN ENTRY--PERSONAL NAME | |
| Personal name | Chesterton, G. K. |
| Fuller form of name | (Gilbert Keith), |
| Dates associated with a name | 1874-1936 |
| 9 (RLIN) | 3640 |
| 245 14 - TITLE STATEMENT | |
| Title | The coloured lands, |
| Statement of responsibility, etc | by G. K. Chesterton; illustrated by the author. |
| 260 ## - PUBLICATION, DISTRIBUTION, ETC. (IMPRINT) | |
| Place of publication, distribution, etc | New York, |
| Name of publisher, distributor, etc | Sheed & Ward, |
| Date of publication, distribution, etc | 1938. |
| 300 ## - PHYSICAL DESCRIPTION | |
| Extent | vii, [1], 9-238 p. |
| 500 ## - GENERAL NOTE | |
| General note | A collection of prose and verse written between 1891 and 1934. |
| 500 ## - GENERAL NOTE | |
| General note | Printed in Great Britain. |
| 500 ## - GENERAL NOTE | |
| General note | Introduction (p. 9-16) signed: Maisie Ward. |
| 505 0# - FORMATTED CONTENTS NOTE | |
| Formatted contents note | The coloured lands -- Bob-up-and-down -- The whale's wooing -- The disadvantage of having two heads -- Ballade of kindness to motorists -- The jazz -- Half-hours in Hades -- Dreams -- Stilton and Milton -- In the evening -- Triolet -- The end of the anecdote -- The wild goose chase -- The artistic side -- Ballade of the grotesque -- A song of wild fruit -- Paints in a paint-box -- A fragment -- Les boileaux -- The two taverns -- Tagtug and the tree of knowledge -- Ballade of the tea-pot -- The professor and the cook -- Girl guides -- Wonder and the wooden post -- Ballade of dead men -- The taming of the nightmare -- On household gods and goblins -- The phantom butler -- The joys of science -- The legend of the sword -- Plakkopytrixophylisperambulantiobatrix -- Christmas and the first games -- Ballade of a stoic -- A nightmare -- Homesick at home. |
| 700 1# - ADDED ENTRY--PERSONAL NAME | |
| Personal name | Ward, Maisie, |
| Dates associated with a name | 1889-1975. |
| 9 (RLIN) | 3641 |
| 906 ## - LOCAL DATA ELEMENT F, LDF (RLIN) | |
| a | 7 |
| b | cbc |
| c | oclcrpl |
| d | u |
| e | ncip |
| f | 19 |
| g | y-gencatlg |
| 942 ## - ADDED ENTRY ELEMENTS (KOHA) | |
| Source of classification or shelving scheme | Library of Congress Classification |
| Koha item type | Monograph ( Printed materials) |
| Withdrawn status | Lost status | Source of classification or shelving scheme | Damaged status | Not for loan | Home library | Current library | Date acquired | Total Checkouts | Full call number | Barcode | Date last seen | Price effective from | Koha item type |
|---|---|---|---|---|---|---|---|---|---|---|---|---|---|
| Library of Congress Classification | ARRUPE LIBRARY | ARRUPE LIBRARY | 21/11/2013 | PR4453.C4 C55 1938 | 46408109 | 25/04/2019 | 21/11/2013 | Monograph ( Printed materials) |